000 00301nam a22001337a 4500
008 171102b xxu||||| |||| 00| 0 eng d
020 _a9781575764153
041 _aeng
080 _a363
100 _a59
101 _aBUS
245 _aINFORMATION SYSTEMS FOUNDATION
_cJESSUP, L.M
942 _2udc
_cBK
999 _c37229
_d37229